[Event "Titled Tuesday intern op 18th Jan"]
[Site "Chess.com INT"]
[Date "2022.01.18"]
[Round "6"]
[White "Kovalev, Egor"]
[Black "Kepeshchuk, Mykhaylo"]
[Result "0-1"]
[WhiteElo "2217"]
[BlackElo "2269"]
[PlyCount "112"]
[EventDate "2022.01.18"]
[EventType "swiss (blitz)"]
[EventRounds "11"]
[EventCountry "USA"]
[SourceTitle "CBM 206 Extra"]
[Source "ChessBase"]
[SourceDate "2022.03.31"]
[SourceVersion "1"]
[SourceVersionDate "2022.03.31"]
[SourceQuality "1"]

1. e4 c5 2. Nf3 d6 3. d4 cxd4 4. Nxd4 Nf6 5. Nc3 g6 6. f3 Bg7 7. Be3 0-0 8. Bc4 Nc6 9. Bb3 Nxd4 10. Qxd4 Be6 11. Qd2 Qa5 12. 0-0-0 Rac8 13. Kb1 Rc7 14. Nd5 Qxd2 15. Nxf6+ Bxf6 16. Rxd2 a6 17. Bxe6 fxe6 18. Bd4 b5 19. Bxf6 Rxf6 20. e5 dxe5 21. Re1 Rf5 22. Rd8+ Kf7 23. Ra8 Rc6 24. c3 Rd6 25. Kc2 g5 26. h3 h5 27. Re4 Kf6 28. Rf8+ Kg6 29. Rg8+ Kf7 30. Rh8 Kg6 31. b4 Rd5 32. Re8 Kf7 33. Rc8 Rf4 34. Re2 g4 35. hxg4 hxg4 36. fxg4 Rxg4 37. Rc6 Rd6 38. Rc5 Kf6 39. Rcxe5 Rxg2 40. Rxg2 Kxe5 41. Rg8 Kf6 42. a4 e5 43. a5 e4 44. c4 bxc4 45. Kc3 e3 46. Rg3 e2 47. Rf3+ Kg5 48. Re3 Rd3+ 49. Rxd3 cxd3 50. Kd2 Kf4 51. b5 Kf3 52. bxa6 Kf2 53. a7 e1Q+ 54. Kxd3 Qe3+ 55. Kc4 Qxa7 56. Kd5 Qxa5+ 0-1